000 00354nam a2200145Ia 4500
008 230917s9999||||xx |||||||||||||| ||und||
040 _e217997
_aMAIN
041 _aEnglish
082 _a301.412 R246W
100 _aReddy, K Rajender
245 0 _aWomen empowerment
260 _aNew Delhi
_bAPM Publishing
_c2013
300 _ax, 156 p.
942 _cBK
999 _c179590
_d179590